000
00262nam a22000977a 4500
020
_a
23117303
110
1
_a
Tribunal Constitucional de la República Dominicana
_9
87774
245
0
_a
Anuario 2023
264
_a
Santo Domingo :
_b
Búho,
_c
2024.
300
_a
862 páginas :
999
_c
58538
_d
58538